Statistics for The Little Mermaid Trivia

Click here to take the quiz!

General Stats

  • This quiz has been taken 304 times
  • The average score is 14 of 23

Answer Stats

Question/HintAnswer% Correct
How many sisters does Ariel have?6
94%
Who is her fish best friend?Flounder
92%
What is the name of the evil sea witch?Ursula
90%
Who did Triton send to watch Ariel?Sebastian
87%
What does the sea witch take from Ariel?Voice
84%
Who does she see and fall in love with?Prince Eric
82%
What does she find at the sunken ship?Fork
81%
What chases her at the sunken ship?Shark
79%
How long does the sea witch give her to find love?3 days
68%
What does her friend Scuttle call it?Dinglehopper
63%
What is Ariel's voice stored in?Shell Necklace
60%
What color is Ariel's dress at the dinner?Pink
59%
What song does the sea witch sing?Poor Unfortunate Souls
59%
What song does the crab sing with the help of Scuttle?Kiss the Girl
52%
What song does Ariel sing in her grotto?Part of Your World
51%
What does Triton find and destroy in Ariel's grotto?Statue of Eric
48%
What almost happens to Ariel's crab friend?Cooked by Chef
42%
What does Ariel see after singing in her grotto?Ship
40%
What appears in the sky when Ariel gets married?Rainbow
38%
Who does the sea witch become to keep Ariel from succeeding?Vanessa
38%
What are the names of her eel sidekicks?Flotsam and Jetsam
37%
What happens to Ariel at the sea witch's almost wedding?Becomes a mermaid/Gets her voice back
33%
What bites the sea witches nose?Seagull
18%

Score Distribution

Percentile by Number Answered

Percent of People with Each Score

Your Score History

You have not taken this quiz